|
|
|
|
| LEADER |
01590nam a22002897a 4500 |
| 001 |
AAL8993 |
| 003 |
BD-DhAAL |
| 005 |
20170509103332.0 |
| 008 |
170509m 2016- ||||| |||| 00| 0 eng d |
| 999 |
|
|
|c 38129
|d 38129
|
| 020 |
|
|
|a 9780751568233
|
| 040 |
|
|
|a BD-DhAAL
|d BD-DhAAL
|
| 082 |
|
|
|a 813/.54
|
| 100 |
|
|
|a Meyer, Stephenie
|9 21512
|
| 245 |
|
|
|a The chemist /
|c Stephenie Meyer
|
| 260 |
|
|
|a London :
|b Sphere,
|c 2016.
|
| 300 |
|
|
|a 521 p. :
|c 22 cm.
|
| 541 |
|
|
|e 8993
|
| 650 |
|
|
|a Intelligence officers
|v Fiction
|9 21513
|
| 650 |
|
|
|a Intelligence officers.
|9 21514
|
| 852 |
|
|
|a Savar Campus Library
|c General Shelf
|
| 942 |
|
|
|2 ddc
|c BK
|
| 952 |
|
|
|0 0
|1 0
|2 ddc
|4 0
|6 813_000000000000000__54_MEY
|7 0
|9 60605
|a SCL
|b SCL
|c GEN
|d 2017-05-09
|e Tajin Boi Gar
|g 150.00
|l 6
|m 16
|o 813.54 MEY
|p 3020008993
|r 2020-03-10
|s 2020-01-16
|t 1
|w 2017-05-09
|y BK
|
| 952 |
|
|
|0 0
|1 0
|2 ddc
|4 0
|6 813_000000000000000__54_MEY
|7 0
|9 60606
|a SCL
|b SCL
|c GEN
|d 2017-05-09
|e Tajin Boi Gar
|g 150.00
|l 6
|m 28
|o 813.54 MEY
|p 3020008992
|r 2019-10-10
|s 2019-10-02
|t 2
|w 2017-05-09
|y BK
|
| 952 |
|
|
|0 0
|1 0
|2 ddc
|4 0
|6 813_000000000000000__54_MEY
|7 0
|9 60607
|a SCL
|b SCL
|c GEN
|d 2017-05-09
|e Tajin Boi Gar
|g 150.00
|l 12
|m 46
|o 813.54 MEY
|p 3020008990
|r 2023-08-21
|s 2023-07-22
|t 3
|w 2017-05-09
|y BK
|
| 952 |
|
|
|0 0
|1 0
|2 ddc
|4 0
|6 813_000000000000000__54_MEY
|7 0
|9 60608
|a SCL
|b SCL
|c GEN
|d 2017-05-09
|e Tajin Boi Gar
|g 150.00
|l 5
|m 20
|o 813.54 MEY
|p 3020008991
|r 2018-07-24
|s 2018-05-15
|t 4
|w 2017-05-09
|y BK
|
| 952 |
|
|
|0 0
|1 0
|2 ddc
|4 0
|6 813_000000000000000__54_MEY
|7 0
|9 60609
|a SCL
|b SCL
|c GEN
|d 2017-05-09
|e Tajin Boi Gar
|g 150.00
|l 6
|m 18
|o 813.54 MEY
|p 3020008994
|r 2019-10-19
|s 2019-09-28
|t 5
|w 2017-05-09
|y BK
|